|
|
|
|
| LEADER |
00000nbm0a2200000 4500 |
| 001 |
180665 |
| 005 |
20231101223550.0 |
| 035 |
|
|
|a (RuTPU)RU\TPU\book\195845
|
| 090 |
|
|
|a 180665
|
| 100 |
|
|
|a 20100524d1967 k y0rusy50 ca
|
| 101 |
0 |
|
|a rus
|
| 102 |
|
|
|a RU
|
| 105 |
|
|
|a a p 001zy
|
| 200 |
1 |
|
|a Исследование по изысканию методов определения микроколичеств некоторых ионов в объектах Славгородского химического завода
|e Отчет о НИР № 1
|e Тема: х/д № 88/65
|f Томский политехнический институт (ТПИ) ; руководитель Ю. Л. Лельчук ; Ю. А. Карбаинов
|
| 210 |
|
|
|a Томск
|d 1967
|
| 215 |
|
|
|a 168 л.
|
| 300 |
|
|
|a Вторая часть отчета закрытая
|
| 320 |
|
|
|a Библиогр.: с. 167.
|
| 606 |
1 |
|
|a Микрохимический анализ
|2 stltpush
|3 (RuTPU)RU\TPU\subj\73407
|9 86431
|
| 610 |
1 |
|
|a отчеты о НИР
|
| 610 |
1 |
|
|a ионы
|
| 610 |
1 |
|
|a микроколичества
|
| 610 |
1 |
|
|a методы определения
|
| 610 |
1 |
|
|a изыскания
|
| 610 |
1 |
|
|a титан
|
| 610 |
1 |
|
|a люминофоры
|
| 610 |
1 |
|
|a хлорная кислота
|
| 610 |
1 |
|
|a железо
|
| 610 |
1 |
|
|a результаты исследований
|
| 610 |
1 |
|
|a полярографический метод
|
| 610 |
1 |
|
|a фотометрические методы
|
| 675 |
|
|
|a 545.3
|v 3
|
| 702 |
|
1 |
|a Лельчук
|b Ю. Л.
|c российский химик
|c зав. кафедрой аналитической химии ТПУ
|f 1910-2000
|g Юрий Львович (Юдель Лейбович)
|2 stltpush
|3 (RuTPU)RU\TPU\pers\23642
|4 673
|
| 702 |
|
1 |
|a Карбаинов
|b Ю. А.
|c российский электрохимик и электроаналитик
|c профессор Томского политехнического университета
|f 1940-
|g Юрий Александрович
|2 stltpush
|3 (RuTPU)RU\TPU\pers\15852
|4 677
|
| 712 |
0 |
2 |
|a Томский политехнический институт (ТПИ)
|c (1944-1991)
|2 stltpush
|3 (RuTPU)RU\TPU\col\1123
|4 595
|
| 801 |
|
1 |
|a RU
|b 63413507
|c 20100524
|
| 801 |
|
2 |
|a RU
|b 63413507
|c 20150324
|g RCR
|
| 942 |
|
|
|c BK
|